MARC

Tag First Indicator Second Indicator Subfields
LEADER 00000cam a2200000Ia 4500
001 in00002450430
005 20210727085827.0
006 m d
007 cr cn|||||||||
008 090713s2008 au a sb 101 0 eng d
020 |a 3211855785 
020 |a 9783211855782 
035 |a (OCoLC)424513789 
035 |a (OCoLC)ocn424513789 
035 |a 3173608 
037 |a 978-3-211-85577-5  |b Springer  |n http://www.springerlink.com 
040 |a GW5XE  |b eng  |c GW5XE  |d UtOrBLW 
049 |a TEFA 
050 1 4 |a RC391  |b .I585 2007 
082 0 4 |a 616.8  |2 22 
111 2 |a International Symposium on Intracranial Pressure and Brain Monitoring  |n (13th :  |d 2007 :  |c San Francisco, Calif.) 
245 1 0 |a Intracranial pressure and brain monitoring XIII :  |b mechanisms and treatment /  |c edited by G. Manley, C. Hemphill, S. Stiver. 
264 1 |a Wien ;  |a New York :  |b Springer,  |c [2008] 
264 4 |c ©2008 
300 |a xii, 452 pages :  |b illustrations ;  |c 29 cm. 
336 |a text  |b txt  |2 rdacontent 
337 |a computer  |b c  |2 rdamedia 
338 |a online resource  |b cr  |2 rdacarrier 
490 1 |a Acta neurochirurgica. Supplement,  |x 0065-1419 ;  |v 102 
500 |a Electronic resource. 
500 |a Proceedings of the XIII International Symposium on Intracranial Pressure and Brain Monitoring, held July 22-26, 2007, in San Francisco, CA.--Pref. 
504 |a Includes bibliographical references and indexes. 
533 |a Electronic reproduction.  |b New York :  |c Springer,  |d 2009.  |n Mode of access: World Wide Web.  |n System requirements: Web browser.  |n Title from title screen (viewed on July 8, 2009).  |n Access may be restricted to users at subscribing institutions. 
650 0 |a Brain damage  |v Congresses. 
650 0 |a Hemodynamic monitoring  |v Congresses. 
650 0 |a Hydrocephalus  |v Congresses. 
650 0 |a Intracranial pressure  |v Congresses. 
650 2 |a Brain Injuries  |x physiopathology.  |0 https://id.nlm.nih.gov/mesh/D001930Q000503 
650 2 |a Hydrocephalus  |x physiopathology.  |0 https://id.nlm.nih.gov/mesh/D006849Q000503 
650 2 |a Intracranial Pressure.  |0 https://id.nlm.nih.gov/mesh/D007427 
650 2 |a Monitoring, Physiologic.  |0 https://id.nlm.nih.gov/mesh/D008991 
655 2 |a Congress.  |0 https://id.nlm.nih.gov/mesh/D016423 
655 7 |a Electronic books.  |2 local 
700 1 |a Hemphill, C.  |q (Claude) 
700 1 |a Manley, Geoffrey T.  |0 http://id.loc.gov/authorities/names/n2006185356 
700 1 |a Stiver, S.  |q (Shirley)  |0 http://id.loc.gov/authorities/names/no2009056478 
710 2 |a SpringerLink (Online service)  |0 http://id.loc.gov/authorities/names/no2005046756 
776 1 |c Original  |z 9783211855775  |z 3211855777  |w (OCoLC)300033359 
830 0 |a Acta neurochirurgica.  |p Supplement ;  |v 102.  |0 http://id.loc.gov/authorities/names/n88538381 
856 4 0 |u http://proxy.library.tamu.edu/login?url=https://dx.doi.org/10.1007/978-3-211-85578-2  |z Connect to the full text of this electronic book  |t 0 
994 |a C0  |b TEF 
999 |a MARS 
999 f f |s 0460e2c1-4925-3515-9c14-729c0986ad33  |i a2803761-17ff-36fa-9d5c-ac1482b8d172  |t 0 
952 f f |a Texas A&M University  |b College Station  |c Electronic Resources  |d Available Online  |t 0  |e RC391 .I585 2007  |h Library of Congress classification 
998 f f |a RC391 .I585 2007  |t 0  |l Available Online